000 01608cam a2200373 a 4500
001 4366
003 FISKH
005 20240813090032.0
008 010321s2000 txu 000 1 eng
010 _a 2001266044
020 _a0030957648
040 _aDLC
_cDLC
_dDLC
_beng
050 _aPR4167
082 _a823.8
100 1 _aBrontë, Charlotte,
_d1816-1855.
245 1 0 _aJane Eyre /
_cBy Charlotte Bronte
260 _aPhnom Penh :
_bFootprints International School,
_c2024.
300 _a691 pages :
_c21 cm
520 _aJane Eyre is raised in her aunt's house after the death of her parents. Her aunt cannot stand the queer, quiet child and sends her off to a spartan boarding school where she is severely mistreated. She survives, however, and eventually finds herself a situation as a governess in the household of Edward Rochester. She and Rochester fall passionately in love, in one of the great literary love stories. But a dark secret in his house will tear them apart and send her alone into the wilderness before she can find her way back to him.
650 0 _aGovernesses
_vFiction.
650 0 _aFathers and daughters
_vFiction.
650 0 _aMentally ill women
_vFiction.
650 0 _aCharity-schools
_vFiction.
650 0 _aMarried people
_vFiction.
650 0 _aCountry homes
_vFiction.
650 0 _aYoung women
_vFiction.
650 0 _aOrphans
_vFiction.
651 0 _aEngland
_vFiction.
655 7 _aBildungsromans.
_2gsafd
655 7 _aLove stories.
_2gsafd
906 _a7
_bcbc
_corigcop
_d3
_encip
_f20
_gy-gencatlg
942 _2ddc
_cBK
_n0
999 _c4366
_d4366